000 00641nam a2200181Ia 4500
003 IN-BaIIA
008 211028s9999 xx s 000 0 eng d
020 _a9781510605060 (Print)
020 _a9781510605077 (Online)
040 _cIIA Library
100 _aPustelny, Tadeusz, ed.
_941148
245 0 _a11th Conference on Integrated Optics: Sensors, Sensing Structures, and Methods
_h[eBook]
260 _aWashington, USA
_bSPIE
_c2017
300 _aOnline resource
490 _aProceedings of SPIE; V. 10034
856 _uhttps://www.spiedigitallibrary.org/conference-proceedings-of-spie/10034
_yClick Here to Access eBook
942 _cEB
999 _c22519
_d22519